| 000 | 00667nam a2200265 a 4500 | ||
|---|---|---|---|
| 003 | AR-BaBNM | ||
| 005 | 20251128203744.0 | ||
| 008 | 082120s2002 ||||||||||||||000 | spa|| | ||
| 040 | _cAR-BaBNM | ||
| 100 | 1 | _aWright, Richard | |
| 245 | 0 | 0 | _aDe la inocencia a la pesadilla |
| 260 |
_aBuenos Aires _bSudamericana _c1956 |
||
| 300 | _a252 p. | ||
| 490 | 0 | _aHorizonte | |
| 650 | 4 | _aLITERATURA ESTADOUNIDENSE | |
| 650 | 4 | _aESCRITORES | |
| 650 | 4 | _aNOVELAS | |
| 650 | 4 | _aLITERATURA CONTEMPORANEA | |
| 653 | _aNOVELA PSICOLOGICA | ||
| 653 | _aNOVELA SOCIAL | ||
| 655 | _aLITERATURA | ||
| 700 | 1 |
_aMirlas, León _etraductor |
|
| 942 | _cBK | ||
| 998 | _cMARTIN | ||
| 999 |
_c4803 _d4803 |
||